Na prioritné zdravotnícke stavby chýba finančné krytie
Výstavba novej Detskej nemocnice v Košiciach - problémy s financovaním, nedostatok finančných zdrojov. Cena jedného nemocničného lôžka. Potreba dodržania hygienických štandardov. Ďalšie vyvolané investície, ktoré súvisia s výstavbou nemocnice (komunikácie, osvetlenie, vykurovanie, čistiareň odpadový...
Na minha lista:
| Autor principal: | |
|---|---|
| Formato: | Capítulo de Livro |
| Idioma: | eslovaco |
| Assuntos: | |
| Tags: |
Sem tags, seja o primeiro a adicionar uma tag!
|
MARC
| LEADER | 00000naa a2200000 4500 | ||
|---|---|---|---|
| 001 | r027939 | ||
| 005 | 20230921081019.0 | ||
| 041 | 0 | |a slo | |
| 044 | |a SK | ||
| 245 | 1 | 0 | |a Na prioritné zdravotnícke stavby chýba finančné krytie |c D. Zverková |
| 520 | |a Výstavba novej Detskej nemocnice v Košiciach - problémy s financovaním, nedostatok finančných zdrojov. Cena jedného nemocničného lôžka. Potreba dodržania hygienických štandardov. Ďalšie vyvolané investície, ktoré súvisia s výstavbou nemocnice (komunikácie, osvetlenie, vykurovanie, čistiareň odpadových vôd, atď.). | ||
| 610 | 2 | 0 | |a stavebníctvo |
| 610 | 2 | 0 | |a stavby |
| 610 | 2 | 0 | |a zdravotníctvo |
| 610 | 2 | 0 | |a nemocnice |
| 610 | 2 | 0 | |a financovanie |
| 610 | 2 | 0 | |a investície finančné |
| 610 | 2 | 0 | |a investície vyvolané |
| 610 | 2 | 0 | |a Košice |
| 610 | 2 | 0 | |a Slovensko |
| 100 | 1 | |a Zverková, Daniela | |